| 000 | 00670cab a2200229 4500 | ||
|---|---|---|---|
| 001 | WB3443-11 | ||
| 008 | 090401t1998 xxu||||| |||| 00| 0 eng d | ||
| 035 | _a(Sirsi) u89655 | ||
| 041 | _aeng | ||
| 245 | _aUncertainty in store | ||
| 260 | _c1998 | ||
| 350 | _a0 | ||
| 490 |
_aFinancial Times _v13 November 1998, 12(1) |
||
| 520 | _aHighlights the effect the current recession is having on economic growth and retail spending across Europe. | ||
| 650 | _aCONSUMER SPENDING | ||
| 650 | _aECONOMIC GROWTH | ||
| 650 | _aRECESSION | ||
| 650 | _aRETAIL PROPERTIES | ||
| 690 | _aPROPERTY-COMMERCIAL PROPERTY-RETAIL PROPERTY | ||
| 942 | _n0 | ||
| 948 | _c13/11/1998 | ||
| 999 |
_c56752 _d56752 |
||